000 00628cam a2200229 i 4500
001 19657503
005 20250319164040.0
006 m |o d |
007 cr_|||||||||||
008 170523s2018 nyu ob 001 0 eng
020 _a9780750654586
020 _a0750654589
050 0 0 _aTS160
082 0 0 _a658.7/87
_223
100 1 _aWild, Antony,
_eauthor.
245 1 0 _aBest practice in inventory management /
_cTony Wild.
250 _a2nd Edition.
260 _aOxford
_aUK
_bElsevier Ltd
_cc2002
300 _aix, 263 pages
_bIllustrations
_c23cm
650 0 _aInventory control.
942 _2lcc
_cBK
_e2nd ed.
_n0
999 _c4969
_d4969